| Tag |
First Indicator |
Second Indicator |
Subfields |
| LEADER |
00000cam a2200000 4500 |
| 001 |
in00000016702 |
| 005 |
20151007052836.0 |
| 008 |
740322s1964 paua b 10010 eng |
| 010 |
|
|
|a 64005873
|
| 035 |
|
|
|a (OCoLC)00838660
|
| 035 |
|
|
|9 AAA9397AM
|
| 040 |
|
|
|a DLC
|c CSU
|d m.c.
|d SER
|d TXA
|d UtOrBLW
|
| 049 |
|
|
|a TXAM
|c [A11486012]
|
| 050 |
0 |
0 |
|a T171
|b .M538 1963
|
| 082 |
0 |
|
|a 508.2
|
| 110 |
2 |
|
|a Mellon Institute of Industrial Research.
|
| 245 |
1 |
0 |
|a Science and human progress ;
|b addresses at the celebration of the fiftieth anniversary of Mellon Institute, Pittsburgh, Pennsylvania, May 22 to 26, 1963 /
|c edited by Harold P. Klug.
|
| 264 |
|
1 |
|a [Pittsburgh] :
|b [Mellon Institute?],
|c [1964]
|
| 264 |
|
4 |
|c [©1964]
|
| 300 |
|
|
|a xiii, 214 pages :
|b illustrations ;
|c 24 cm.
|
| 336 |
|
|
|a text
|b txt
|2 rdacontent
|
| 337 |
|
|
|a unmediated
|b n
|2 rdamedia
|
| 338 |
|
|
|a volume
|b nc
|2 rdacarrier
|
| 504 |
|
|
|a Includes bibliographies.
|
| 650 |
|
0 |
|a Technology
|v Congresses.
|
| 650 |
|
0 |
|a Science
|v Congresses.
|
| 700 |
1 |
|
|a Klug, Harold Phillip,
|d 1902-
|e editor.
|
| 999 |
|
|
|a MARS
|
| 999 |
f |
f |
|s 86f90c72-6ed0-3d06-8311-a62dc63ece8d
|i 458aa930-be4a-3fc7-8a9c-f5112bb8db62
|t 0
|
| 952 |
f |
f |
|p ric
|a Texas A&M University
|b Rellis Campus
|c Joint Library Facility
|d Remote Storage
|t 0
|e T171 .M538 1963
|h Library of Congress classification
|i unmediated -- volume
|m A14811486012
|
| 998 |
f |
f |
|a T171 .M538 1963
|t 0
|l Remote Storage
|